000 00395nam a2200169Ia 4500
003 OSt
005 20240309112849.0
008 170619s9999 xx 000 0 und d
020 _a9788177221916
040 _cIIMT ENGINEERING COLLEGE
100 _aMohanty- R.P.
245 0 _aSupply Chain Management
260 _bDreamtech Press
260 _c2011
546 _aENGLISH
942 _2ddc
_c02
999 _c22569
_d22569